Detalles MARC
| 000 -LEADER |
| campo de control de longitud fija |
03379cam a22004694i 4500 |
| 003 - IDENTIFICADOR DE NÚMERO DE CONTROL |
| campo de control |
PE-LiUPU |
| 005 - FECHA Y HORA DE LA ÚLTIMA TRANSACCIÓN |
| campo de control |
20250731183359.0 |
| 008 - DATOS DE LONGITUD FIJA--INFORMACIÓN GENERAL |
| campo de control de longitud fija |
170530s2017 sp r 000 0 spa d |
| 020 ## - NÚMERO INTERNACIONAL ESTÁNDAR DEL LIBRO |
| Número Internacional Estándar del Libro |
849116684X |
| 020 ## - NÚMERO INTERNACIONAL ESTÁNDAR DEL LIBRO |
| Número Internacional Estándar del Libro |
9788491166849 |
| 035 ## - NÚMERO DE CONTROL DEL SISTEMA |
| Número de control de sistema |
(Sirsi) a204163 |
| 040 ## - FUENTE DE CATALOGACIÓN |
| Centro catalogador/agencia de origen |
PE-LiUPU |
| Lengua de catalogación |
spa |
| Centro/agencia transcriptor |
PE-LiUPU |
| Normas de descripción |
rda |
| 049 ## - FONDOS LOCALES (OCLC) |
| Biblioteca depositaria |
PRUA |
| 082 04 - NÚMERO DE LA CLASIFICACIÓN DECIMAL DEWEY |
| Número de clasificación |
791 |
| Cutter |
C27 |
| Número de edición |
20 |
| 100 1# - ENTRADA PRINCIPAL--NOMBRE DE PERSONA |
| Nombre de persona |
Caparrós Lera, José María, |
| Término indicativo de función/relación |
autor. |
| 245 13 - MENCIÓN DEL TÍTULO |
| Título |
El pasado como presente : |
| Resto del título |
50 películas de género histórico / |
| Mención de responsabilidad, etc. |
José María Caparrós Lera. |
| 246 3# - FORMA VARIANTE DEL TITULO |
| Título propio/Titulo breve |
El pasado como presente :Cincuenta de género histórico. |
| 264 #1 - PRODUCCIÓN, PUBLICACIÓN, DISTRIBUCIÓN, FABRICACIÓN Y COPYRIGHT |
| Producción, publicación, distribución, fabricación y copyright |
Barcelona : |
| Nombre del de productor, editor, distribuidor, fabricante |
UOC, |
| Fecha de producción, publicación, distribución, fabricación o copyright |
2017. |
| 300 ## - DESCRIPCIÓN FÍSICA |
| Extensión |
192 páginas ; |
| Dimensiones |
24 centímetros. |
| 336 ## - TIPO DE CONTENIDO |
| Término de tipo de contenido |
text |
| Fuente |
rdacontent |
| 337 ## - TIPO DE MEDIO |
| Nombre/término del tipo de medio |
unmediated |
| Fuente |
rdamedia |
| 338 ## - TIPO DE SOPORTE |
| Nombre/término del tipo de soporte |
volume |
| Fuente |
rdacarrier |
| 490 0# - MENCIÓN DE SERIE |
| Mención de serie |
Filmografías esenciales. |
| 504 ## - NOTA DE BIBLIOGRAFÍA, ETC. |
| Nota de bibliografía, etc. |
Bibliografía : páginas 185-189. |
| 505 0# - NOTA DE CONTENIDO CON FORMATO |
| Nota de contenido con formato |
La patriota (2000) -- La marsellesa (1937) -- La inglesa y el duque (2001) -- Napoleón (1927) -- El gatopardo (1963) -- Lo que el viento se llevó (1939) -- El nacimiento de una nación (1915) -- ¡Viva zapata! (1952) -- Senderos de gloria (1957) -- Capitán conan (1996) -- Octubre (1927) -- Metrópolis (1926) -- Y el mundo marcha (1928) -- Caballero sin espada (1939) -- Las uvas de la ira (1940) -- Por quien doblan las campanas (1943) -- Tierra y libertad (1995) -- El gran dictador (1940) -- El pianista (2002) -- Patton (1970) -- Salvar al soldado Ryan (1998) -- La delgada línea roja (1998) -- Roma, ciudad abierta (1945) -- La vida prometida (1999) -- Ladrón de bicicletas (1948) -- El tercer hombre (1949) -- ¿Vencedores o vencidos? / El juicio de Núremberg (1961) -- Los mejores años de nuestra vida (1946) -- Rebelde sin causa (1955) -- Surcos (1951) -- ¡Bienvenido, míster Marshall! (1952) -- Muerte de un ciclista (1955) -- Éxodo (1960) -- Gandhi (1982) -- La confesión (1970) -- La batalla de Argel (1966) -- ¡Vivir! (1994) -- Trce días (2000) -- JFK.Caso abierto (1991) -- Los santos inocentes (1984) -- Apocalypse now (1979) -- Cuando éramos soldados (2002) -- Domingo sangriento (2002) -- Capitanes de abril (2000) -- El hombre de hierro (1981) -- Las sandalias del pescador (1968) -- La mirada de Ulises (1995) -- Kandahar (2001) -- Lamerica (1994) -- Good bye, Lennin! (2003). |
| 526 ## - NOTA DE INFORMACIÓN SOBRE EL PROGRAMA DE ESTUDIO |
| Nombre del programa |
Maestría Bim Facility Management (A distancia) |
| 526 ## - NOTA DE INFORMACIÓN SOBRE EL PROGRAMA DE ESTUDIO |
| Nombre del programa |
|
| 526 ## - NOTA DE INFORMACIÓN SOBRE EL PROGRAMA DE ESTUDIO |
| Nombre del programa |
Educación musical y artes |
| 526 ## - NOTA DE INFORMACIÓN SOBRE EL PROGRAMA DE ESTUDIO |
| Nombre del programa |
Educación, especialidad educación física |
| 526 ## - NOTA DE INFORMACIÓN SOBRE EL PROGRAMA DE ESTUDIO |
| Nombre del programa |
Arquitectura |
| 541 ## - NOTA DE FUENTE DE ADQUISICIÓN DIRECTA |
| -- |
001-00373; |
| 541 ## - NOTA DE FUENTE DE ADQUISICIÓN DIRECTA |
| -- |
001-003491; |
| 596 ## - |
| -- |
1 |
| 650 04 - PUNTO DE ACCESO ADICIONAL DE MATERIA--TÉRMINO DE MATERIA |
| Término de materia o nombre geográfico como elemento de entrada |
Cine histórico. |
| 910 ## - DATOS DE OPCIÓN DEL USUARIO (OCLC) |
| Datos de opción del usuario |
jck |
| -- |
ncf |
| -- |
ncf |
| -- |
20170530 |
| 942 ## - ELEMENTOS DE ENTRADA SECUNDARIOS (KOHA) |
| Fuente del sistema de clasificación o colocación |
Clasificación Decimal Dewey |
| Tipo de ítem Koha |
|
| 949 ## - PROCESAMIENTO DE INFORMACIÓN LOCAL (OCLC) |
| a |
791 C27 |
| w |
DEWEY |
| c |
1 |
| i |
76097 |
| l |
CCODEBUL1 |
| m |
BUL |
| p |
43.50 |
| r |
0 |
| s |
Y |
| t |
BOOK |
| u |
2017-05-30 |
| x |
IEDUCACION |
| -- |
P07 |
| 0 |
COMPRA |
| o |
.STAFF. Colección Ciencias Humanas y Educación |
| 994 ## - |
| -- |
C0 |
| -- |
PEPRU |
| 999 ## - NÚMEROS DE CONTROL DE SISTEMA (KOHA) |
| -- |
DEWEY |
| -- |
76097 |
| -- |
2021-11-8 |
| -- |
4 |
| -- |
CCODEBUL1 |
| -- |
BUL |
| -- |
43.50 |
| -- |
0 |
| -- |
Y |
| -- |
BOOK |
| -- |
2017-5-30 |
| -- |
EDUCACION |
| -- |
P07 |
| -- |
COMPRA |
| -- |
.STAFF. Colección Ciencias Humanas y Educación |
| 999 ## - NÚMEROS DE CONTROL DE SISTEMA (KOHA) |
| -- |
DEWEY |
| -- |
77887 |
| -- |
2021-11-8 |
| -- |
4 |
| -- |
CCODEBUL1 |
| -- |
BUL |
| -- |
44.45 |
| -- |
0 |
| -- |
Y |
| -- |
BOOK |
| -- |
2018-1-11 |
| -- |
EDUCACION |
| -- |
P07 |
| -- |
COMPRA |
| 999 ## - NÚMEROS DE CONTROL DE SISTEMA (KOHA) |
| -- |
DEWEY |
| -- |
77888 |
| -- |
2021-11-8 |
| -- |
4 |
| -- |
CCODEBUL1 |
| -- |
BUL |
| -- |
44.45 |
| -- |
0 |
| -- |
Y |
| -- |
BOOK |
| -- |
2018-1-11 |
| -- |
EDUCACION |
| -- |
P07 |
| -- |
COMPRA |
| 980 ## - EQUIVALENCIA O REFERENCIA-CRUZADA-MENCIÓN DE SERIE--NOMBRE DE PERSONA/TÍTULO [LOCAL, CANADÁ] |
| ID del último usuario que modificó el registro |
1 |
| Nombre del último usuario que modificó el registro |
ALBERTO SANCHEZ Responsable de Automatización |